000 00253nam a2200097Ia 4500
082 _aAF VENT
245 0 _aBegeerte
100 _a VENTER, Eben Kaapstad, 2003 1ste uitg
_998503
942 _cBK
008 210817s9999 xx 000 0 und d
999 _c418352
_d418351